000 nam a22 7a 4500
999 _c30296
_d30296
008 190515b xxu||||| |||| 00| 0 eng d
040 _amksu
050 _aHD 57.7
_b.L43 1990
100 _aHarvard business review.
245 _aLeadership insights :
_b15 Unique Perspectives on Effective Leadership /
260 _aUS :
_bHarvard Business Review,
_c1990.
300 _a129p. :
_bill.(col.);
_c28cm.
650 _aLeadership.
942 _2lcc
_cBOOKS
_hHD 57.7 .L43 1990